000 01106cab a2200289 4500
001 ABS57078
008 090401t1997 xxu||||| |||| 00| 0 eng d
035 _a(Sirsi) u79166
041 _aeng
245 _aAccessible environments
260 _c1997
350 _a0
490 _aAJ Focus
_vJune 1997, 13-26(10)
520 _aFeature on how manufacturers and others are responding to the Disability Discrimination Act 1996 which contains a wide range of measures which have an enormous effect on the way buildings are designed and managed. Includes a detailed guide to the costs involved.
650 _aACCESSIBLE BUILDINGS
650 _aCOSTS
650 _aDISABILITY DISCRIMINATION ACT 1996
650 _aMANAGEMENT-BUSINESS MANAGEMENT-DISCRIMINATION-DISABILITY DISCRIMINATION-ACCESSIBILITY
650 _aDOORS
650 _aESCALATORS
650 _aLIFTS
650 _aBUILT ENVIRONMENT-BUILDING MATERIALS
650 _aBUILT ENVIRONMENT-BUILDING ELEMENTS-COMPLETE BUILDING ELEMENTS-STAIRS
690 _aBUILT ENVIRONMENT-CONSTRUCTION DESIGN
942 _n0
948 _c24/06/1997
999 _c49761
_d49761